[Event "2024 British Rapidplay Championship"]
[Site "Holiday Inn Peterborough - West"]
[Date "2024.03.03"]
[Round "11.42"]
[White "Hutchinson, Paul A"]
[Black "Keerthi Kumar, Advait"]
[Result "1-0"]
[WhiteFideId "411558"]
[BlackFideId "498033"]
[WhiteElo "2064"]
[BlackElo "1838"]
[EventDate "2024.03.02"]

1. d4 Nf6 2. c4 g6 3. Nc3 Bg7 4. Bg5 O-O 5. e3 c6 6. Nf3 d5 7. cxd5 cxd5 8. Be2 Nc6
9. O-O Bf5 10. a3 Ne4 11. Nxe4 Bxe4 12. Nd2 Bf5 13. b4 h6 14. Bh4 a6 15. Rc1 g5 16.
Bg3 Bg6 17. Qb3 h5 18. h3 e6 19. a4 Ne7 20. Rc7 Nf5 21. Bh2 b6 22. Rfc1 Re8 23. R1c6
Bf8 24. Rb7 a5 25. b5 Bb4 26. Nf1 Rc8 27. Rcxb6 Qf6 28. Be5 Qd8 29. Rb8 Rxb8 30.
Rxb8 Qd7 31. Rxe8+ Qxe8 32. Qd1 h4 33. Qc1 Nd6 34. Nh2 Ne4 35. Ng4 Bh5 36. Bd3 Bxg4
37. hxg4 Nc3 38. Qc2 Qd8 39. g3 hxg3 40. fxg3 Kf8 41. Qh2 Ke7 42. Qh5 Nxa4 43. Qh6
Qc8 44. Qf6+ Ke8 45. Qxg5 Qc1+ 46. Bf1 Be7 47. Qg8+ Kd7 48. Bf4 Nb6 49. Qb8 Bd8 50.
Qd6+ Kc8 51. Qb8+ Kd7 52. Qa7+ Ke8 53. Qxa5 Nc4 54. Qa4 Nd2 55. b6+ Kf8 56. Qb5 Bxb6
57. Kg2 Qd1 58. Qe2 Qxf1+ 59. Qxf1 Nxf1 60. Kxf1 f6 61. Ke2 Kf7 62. Kf3 Kg6 63. Bd6
Ba5 64. Kf4 Be1 65. Kf3 Ba5 66. Ba3 Bc7 67. Bb4 Bd8 68. Be1 Be7 69. e4 dxe4+ 70.
Kxe4 Bd6 71. Kf3 Kg5 72. Bd2+ Kg6 73. Bf4 Bb4 74. Ke4 Be7 75. Kd3 Bf8 76. Kc4 Bg7
77. Be3 Bf8 78. Kb5 Bd6 79. Bf2 Ba3 80. Kc6 Kf7 81. Be3 Bb2 82. Kc5 Ba3+ 83. Kc6
Ke7 84. g5 fxg5 85. Bxg5+ Kf7 86. Bf4 Bb2 87. Be5 Bc3 88. Kc5 Be1 89. Kc4 Ba5 90.
Kd3 Bb4 91. Ke4 Kg6 92. Bf4 Bc3 93. Ke5 Bb2 94. Be3 Kf7 95. g4 Ba3 96. g5 Be7 97.
g6+ Kxg6 98. Kxe6 Ba3 99. d5 Kg7 100. Bf4 Kg8 101. Bd6 Bb2 102. Bc5 Bc1 103. d6 Bg5
104. d7 Bd8 105. Be7 Bc7 106. Bh4 Bb6 107. Ke7 Ba5 108. Ke8 Bb6 109. Bd8 Bd4 110.
Bc7 Bf6 111. Bd6 Kg7 112. Be7 1-0

[Event "2024 British Rapidplay Championship"]
[Site "Holiday Inn Peterborough - West"]
[Date "2024.03.03"]
[Round "11.43"]
[White "Patel, Zain"]
[Black "Brett, Andrew R"]
[Result "1-0"]
[WhiteFideId "469246"]
[BlackFideId "416460"]
[WhiteElo "1828"]
[BlackElo "2119"]
[EventDate "2024.03.02"]

1. d4 Nf6 2. Nf3 d5 3. e3 g6 4. c4 Bg7 5. cxd5 Nxd5 6. e4 Nb6 7. Be2 Bg4 8. Be3 O-O
9. Nc3 Bxf3 10. Bxf3 Nc4 11. Qb3 Nxe3 12. fxe3 e5 13. d5 Nd7 14. O-O Nc5 15. Qc4
b6 16. Rac1 Bh6 17. Rfe1 Nb7 18. Nb5 Nd6 19. Qc6 Nxb5 20. Qxb5 Qh4 21. g3 Qf6 22.
Kg2 Qe7 23. Rc6 Rfd8 24. Qc4 Rac8 25. Bg4 f5 26. exf5 Qg5 27. fxg6 b5 28. gxh7+ Kh8
29. Qe4 Bg7 30. Bxc8 Rxc8 31. d6 Rf8 32. dxc7 1-0

[Event "2024 British Rapidplay Championship"]
[Site "Holiday Inn Peterborough - West"]
[Date "2024.03.03"]
[Round "11.44"]
[White "Ledger, Stephen C"]
[Black "Vaidyanathan, Adithya"]
[Result "0-1"]
[WhiteFideId "404470"]
[BlackFideId "495450"]
[WhiteElo "1983"]
[BlackElo "1805"]
[EventDate "2024.03.02"]

1. d4 Nf6 2. Bg5 d5 3. e3 Nbd7 4. Nf3 g6 5. Nbd2 Bg7 6. Bd3 c5 7. c3 h6 8. Bh4 O-O
9. O-O b6 10. Qe2 Bb7 11. Rad1 Re8 12. e4 dxe4 13. Nxe4 Nxe4 14. Bxe4 Bxe4 15. Qxe4
g5 16. Bg3 Nf6 17. Qb7 Qc8 18. Qxc8 Raxc8 19. dxc5 Rxc5 20. Rfe1 Kf8 21. Nd4 Nh5
22. Nb3 Rb5 23. Re2 Nxg3 24. hxg3 a5 25. Nd4 Rd5 26. Red2 Red8 27. Nf3 Rxd2 28. Rxd2
Rxd2 29. Nxd2 Be5 30. Nc4 Bc7 31. g4 e6 32. f3 Ke7 33. Kf2 b5 34. Na3 b4 35. cxb4
axb4 36. Nc2 Be5 37. Nxb4 Bxb2 38. Ke3 Bc3 39. Nd3 f5 40. gxf5 exf5 41. a4 Kd6 42.
f4 g4 43. Nc1 Kd5 44. Ne2 Be1 45. Kd3 h5 46. a5 h4 47. a6 Kc6 48. Nd4+ Kb6 49. Nxf5
h3 50. gxh3 gxh3 51. a7 Kxa7 52. Ke2 h2 53. Kxe1 h1=Q+ 54. Kf2 Qe4 55. Ng3 Qxf4+
0-1

[Event "2024 British Rapidplay Championship"]
[Site "Holiday Inn Peterborough - West"]
[Date "2024.03.03"]
[Round "11.45"]
[White "Rich, Ben S"]
[Black "Dhingra, Kanvansh"]
[Result "1-0"]
[WhiteFideId "490431"]
[BlackFideId "33401500"]
[WhiteElo "1918"]
[BlackElo "1592"]
[EventDate "2024.03.02"]

1. a3 d5 2. c4 e6 3. b4 a6 4. e3 c6 5. Bb2 Nd7 6. Nf3 f5 7. Qc2 Ngf6 8. d3 Bd6 9.
Nbd2 O-O 10. Be2 Qe7 11. O-O e5 12. Rfd1 e4 13. Nd4 Ne5 14. cxd5 cxd5 15. Qb3 exd3
16. Bxd3 Nxd3 17. Qxd3 Ne4 18. Qb3 Be6 19. Nxe6 Qxe6 20. Nxe4 fxe4 21. Qxd5 Qxd5
22. Rxd5 Rad8 23. Rad1 Bc7 24. Rxd8 Rxd8 25. Rxd8+ Bxd8 26. Kf1 Kf7 27. Ke2 g6 28.
Kd2 Ke6 29. f3 exf3 30. gxf3 Bc7 31. h3 Kd5 32. Kd3 Bd8 33. f4 Ke6 34. e4 Bc7 35.
Bc1 b5 36. Bd2 Bb6 37. Be3 Bc7 38. Ke2 a5 39. Kf3 axb4 40. axb4 h5 41. Bc5 Bd8 42.
Ke3 Bc7 43. e5 Kd5 44. Kf3 Ke6 45. Ke4 Bd8 46. Kd4 Bc7 47. Ba7 Kf5 48. Kc5 Kxf4 49.
e6 Bd8 50. Bb8+ Kg5 51. Kd6 Kf6 52. Kd7 Be7 53. Bd6 1-0

[Event "2024 British Rapidplay Championship"]
[Site "Holiday Inn Peterborough - West"]
[Date "2024.03.03"]
[Round "11.46"]
[White "Kennedy, Aden"]
[Black "Garnett, John S"]
[Result "0-1"]
[WhiteFideId "343401015"]
[BlackFideId "410829"]
[WhiteElo "1639"]
[BlackElo "1950"]
[EventDate "2024.03.02"]

1. e4 d5 2. exd5 Nf6 3. d4 Bg4 4. Nf3 Qxd5 5. Be2 Nc6 6. Be3 O-O-O 7. c3 e5 8. dxe5
Qa5 9. Nbd2 Nxe5 10. Qb3 Be6 11. c4 Neg4 12. Bd4 Bc5 13. Bc3 Bxf2+ 14. Kf1 Qh5 15.
h3 Bc5 16. Bb4 Ne3+ 17. Ke1 Bxb4 18. Qxe3 Bc5 19. Qb3 Rhe8 20. Rc1 Qg6 21. g4 Ne4
22. Nh4 Nxd2 23. Qb5 Qe4 24. Rf1 Qxe2+ 25. Kxe2 Bxg4# 0-1

[Event "2024 British Rapidplay Championship"]
[Site "Holiday Inn Peterborough - West"]
[Date "2024.03.03"]
[Round "11.47"]
[White "Mylovanov, Volodymyr"]
[Black "Quilter, Thomas A"]
[Result "0-1"]
[WhiteFideId "34184732"]
[BlackFideId "408530"]
[WhiteElo "1877"]
[BlackElo "2051"]
[EventDate "2024.03.02"]

1. d4 Nf6 2. c4 d6 3. g3 e5 4. dxe5 dxe5 5. Qxd8+ Kxd8 6. Nc3 Bb4 7. Bd2 Be6 8. e3
c6 9. a3 Be7 10. Nf3 Nbd7 11. Ng5 Nf8 12. h4 h6 13. Nxe6+ Nxe6 14. Bh3 Nc5 15. b4
Nb3 16. Rd1 Kc7 17. Rb1 Nxd2 18. Kxd2 a5 19. Ke2 axb4 20. axb4 Nd7 21. Rhd1 Rhd8
22. c5 g6 23. Bxd7 Rxd7 24. Rxd7+ Kxd7 25. Ne4 f5 26. Rd1+ Kc7 27. Nd6 Ra2+ 28. Kf1
Rb2 29. Nf7 Rxb4 30. Nxe5 Bxc5 31. Nxg6 b5 32. Ne5 Bd6 33. Nf3 c5 34. Rd5 Rb1+ 35.
Kg2 b4 36. Rxf5 c4 37. Rf7+ Kc8 38. Rf6 Kd7 39. Rxh6 b3 40. Rh7+ Kc8 41. Rh8+ Kb7
42. Rd8 Kc7 43. Rg8 b2 44. Rg4 Rc1 45. Nd2 c3 46. Rc4+ Kb8 47. Nb1 c2 48. Nd2 Rg1+
49. Kxg1 c1=Q+ 50. Rxc1 bxc1=Q+ 51. Nf1 Bb4 52. Kg2 Qc2 53. Nh2 Qe4+ 54. Kg1 Be1
55. h5 Qf5 56. f3 Bxg3 57. e4 Qc5+ 58. Kg2 Qf2+ 59. Kh3 Bxh2 60. h6 Qg3# 0-1

[Event "2024 British Rapidplay Championship"]
[Site "Holiday Inn Peterborough - West"]
[Date "2024.03.03"]
[Round "11.48"]
[White "Herring, Sam AC"]
[Black "Sisupalan, Beni"]
[Result "1-0"]
[WhiteFideId "429767"]
[BlackFideId "494585"]
[WhiteElo "1895"]
[BlackElo "1756"]
[EventDate "2024.03.02"]

1. Nf3 Nf6 2. g3 g6 3. b3 Bg7 4. Bb2 b6 5. Bg2 Bb7 6. O-O O-O 7. c4 c5 8. e3 e6 9.
d4 cxd4 10. exd4 d5 11. Nc3 Nc6 12. Rc1 Rc8 13. Qd2 Re8 14. Rfd1 Qd6 15. Nb5 Qd8
16. Ne5 a6 17. Nxc6 Bxc6 18. Na7 Rc7 19. Nxc6 Rxc6 20. a4 Rc8 21. Qd3 a5 22. Ba3
dxc4 23. bxc4 Qd7 24. Qb3 Rb8 25. d5 exd5 26. cxd5 Bf8 27. d6 Rec8 28. Rxc8 Qxc8
29. Qf3 Qd8 30. Qc6 Qd7 31. Rc1 Rd8 32. Qxb6 Ne8 33. Bc6 Qe6 34. Qxd8 Nf6 35. Qxf8+
Kxf8 36. d7+ Kg7 37. d8=Q Qe2 38. Qd4 Qf3 39. Bxf3 h5 40. Bb2 h4 41. Qxf6+ Kh6 42.
Qxh4# 1-0

[Event "2024 British Rapidplay Championship"]
[Site "Holiday Inn Peterborough - West"]
[Date "2024.03.03"]
[Round "11.49"]
[White "Young, Daniel J"]
[Black "Caraway, Samuel"]
[Result "1-0"]
[WhiteFideId "425184"]
[BlackFideId "444766"]
[WhiteElo "1921"]
[BlackElo "1834"]
[EventDate "2024.03.02"]

1. e4 c6 2. d4 d5 3. e5 e6 4. Nf3 b6 5. b3 a6 6. Bd3 h6 7. O-O c5 8. c3 Bb7 9. Nbd2
Nd7 10. Ne1 Qc7 11. Bb2 Ne7 12. f4 g6 13. Nef3 O-O-O 14. Rc1 Kb8 15. Qe2 Ka7 16.
c4 Rc8 17. b4 Qb8 18. bxc5 bxc5 19. dxc5 dxc4 20. Nxc4 Nd5 21. Bd4 Nxc5 22. Nd6 Bxd6
23. exd6 Qxd6 24. Ne5 Rhf8 25. Nd7 Nxf4 26. Rxf4 Qxf4 27. Bxc5+ Ka8 28. Rf1 1-0

[Event "2024 British Rapidplay Championship"]
[Site "Holiday Inn Peterborough - West"]
[Date "2024.03.03"]
[Round "11.50"]
[White "Borrowdale, Graham E"]
[Black "Harvey, Alan"]
[Result "1/2-1/2"]
[WhiteFideId "416673"]
[BlackFideId "445886"]
[WhiteElo "1905"]
[BlackElo "1996"]
[EventDate "2024.03.02"]

1. c4 d6 2. Nc3 e5 3. d4 exd4 4. Qxd4 Nc6 5. Qd2 Nf6 6. g3 Be6 7. Nd5 Ne4 8. Qe3
Nf6 9. Bh3 Nxd5 10. cxd5 Nb4 11. Qe4 Nxd5 12. Bxe6 fxe6 13. Qxe6+ Ne7 14. Nf3 Qd7
15. Ng5 Qxe6 16. Nxe6 Kd7 17. Ng5 g6 18. Bd2 Bg7 19. O-O-O h6 20. Ne4 Rhf8 21. Rhf1
Nd5 22. Kc2 Rae8 23. f3 Nb6 24. b3 Kc8 25. Rde1 d5 26. Nc5 Nd7 27. Nd3 c6 28. Nf4
g5 29. Nh5 Bh8 30. g4 Ne5 31. Ng3 Re6 32. Nf5 h5 33. h3 hxg4 34. hxg4 Nf7 35. Rh1
Rfe8 36. Rh7 Ne5 37. Reh1 Bf6 38. R1h6 Nd7 39. Ng7 Bxg7 40. Rxe6 Rxe6 41. Rxg7 Rxe2
42. Rxg5 Ne5 43. Rf5 d4 44. g5 c5 45. Kd1 d3 46. Rf6 Rg2 47. f4 Nf3 48. Be1 d2 49.
Bxd2 Rxd2+ 50. Kc1 Rg2 51. g6 Nh4 52. f5 Nxf5 1/2-1/2

[Event "2024 British Rapidplay Championship"]
[Site "Holiday Inn Peterborough - West"]
[Date "2024.03.03"]
[Round "11.51"]
[White "Sagues, Vincent"]
[Black "Williams, Ana"]
[Result "1-0"]
[WhiteFideId "625680"]
[BlackFideId "343419771"]
[WhiteElo "1891"]
[BlackElo "1804"]
[EventDate "2024.03.02"]

1. e4 e5 2. Nf3 Nf6 3. Nxe5 Nc6 4. Nxc6 dxc6 5. d3 Bc5 6. Be2 h5 7. c3 Ng4 8. d4
Qh4 9. g3 Qf6 10. f3 h4 11. fxg4 hxg3 12. Rf1 gxh2 13. Kd2 h1=Q 14. Rxh1 Qf4+ 15.
Kd3 Qg3+ 16. Be3 O-O 17. Qg1 1-0

[Event "2024 British Rapidplay Championship"]
[Site "Holiday Inn Peterborough - West"]
[Date "2024.03.03"]
[Round "11.52"]
[White "Ganti, Shriaansh"]
[Black "Mokhber-Garcia, Sebastian"]
[Result "0-1"]
[WhiteFideId "343104781"]
[BlackFideId "499269"]
[WhiteElo "1886"]
[BlackElo "1909"]
[EventDate "2024.03.02"]

1. e4 e5 2. Nc3 Nf6 3. f4 d5 4. fxe5 Nxe4 5. Qf3 Nxc3 6. dxc3 Qh4+ 7. g3 Qe4+ 8.
Qxe4 dxe4 9. Bg2 Nc6 10. Bf4 Bf5 11. O-O-O Be7 12. h3 g5 13. Be3 Nxe5 14. Bd4 Bd6
15. Re1 c5 16. Bxe5 Bxe5 17. g4 Bf4+ 18. Kb1 Bg3 19. Rd1 Bg6 20. Ne2 Bh4 21. Rd5
O-O 22. Rhd1 f5 23. gxf5 Rxf5 24. Rxf5 Bxf5 25. Rd5 Rf8 26. Kc1 Bg6 27. Rd2 g4 28.
Kd1 e3 29. Rd7 Be4 30. Nc1 Bxg2 31. hxg4 Bf3+ 32. Ne2 Bxg4 33. Kc1 Bxd7 0-1

[Event "2024 British Rapidplay Championship"]
[Site "Holiday Inn Peterborough - West"]
[Date "2024.03.03"]
[Round "11.53"]
[White "Davies, Peter L"]
[Black "Lees, Nicholas"]
[Result "0-1"]
[WhiteFideId "1801171"]
[BlackFideId "444073"]
[WhiteElo "1876"]
[BlackElo "1802"]
[EventDate "2024.03.02"]

1. e4 e6 2. d4 d5 3. Nc3 Bb4 4. e5 c5 5. a3 cxd4 6. axb4 dxc3 7. Nf3 Qc7 8. Bb5+
Bd7 9. Bxd7+ Nxd7 10. Qe2 Ne7 11. O-O Nc6 12. bxc3 Ncxe5 13. Bf4 Nxf3+ 14. Qxf3 Qc6
15. Qg3 g6 16. Bh6 a6 17. Rfe1 O-O-O 18. Ra5 f6 19. Bg7 Rhg8 20. Bxf6 Rde8 21. Bd4
Qc7 22. Qh3 Qf4 23. Be3 Qf6 24. Bd4 Qf5 25. Qxf5 gxf5 26. f4 Kc7 27. b5 axb5 28.
Rxb5 Kc6 29. Ra5 Kd6 30. Rb1 Kc6 31. Kf2 Ra8 32. Rba1 Rxa5 33. Rxa5 Rb8 34. h3 h5
35. Kf3 Rg8 36. g3 Rb8 37. g4 hxg4+ 38. hxg4 fxg4+ 39. Kxg4 Rg8+ 40. Kf3 Rf8 41.
Ke3 Rg8 42. Kf3 Rb8 43. c4 dxc4 44. Ke4 Re8 45. Be3 b6 46. Ra7 Nf6+ 47. Kd4 b5 48.
Kc3 Nd5+ 49. Kd2 Nxe3 50. Kxe3 Kc5 51. c3 Rd8 52. Rc7+ Kb6 53. Re7 Rd3+ 54. Ke2 Rxc3
55. Rxe6+ Kc5 56. f5 Rh3 57. Kd2 Rf3 58. f6 b4 59. Kc2 Rf2+ 60. Kc1 b3 61. Re8 Rxf6
62. Rc8+ Kb4 63. Kb2 Rf2+ 64. Kc1 Kc3 65. Kd1 b2 66. Rb8 Rf1+ 67. Ke2 b1=Q 68. Rb3+
cxb3 0-1

[Event "2024 British Rapidplay Championship"]
[Site "Holiday Inn Peterborough - West"]
[Date "2024.03.03"]
[Round "11.54"]
[White "Wastney, Dylan"]
[Black "Brocklehurst, Andrew"]
[Result "1-0"]
[WhiteFideId "343112498"]
[BlackFideId "424765"]
[WhiteElo "1800"]
[BlackElo "1896"]
[EventDate "2024.03.02"]

1. e4 c5 2. Nc3 Nc6 3. Bb5 Nd4 4. Bc4 e6 5. f4 h5 6. Nf3 d6 7. d3 Bd7 8. Bd2 Nf6
9. O-O b5 10. Bb3 Qb6 11. Kh1 Be7 12. Qe1 Ng4 13. Ne2 a5 14. Nexd4 cxd4 15. c3 a4
16. Bc2 dxc3 17. bxc3 Rc8 18. Rb1 Qc7 19. d4 Qc4 20. f5 Qxa2 21. Bd3 O-O 22. h3 Nf6
23. fxe6 Bxe6 24. d5 Bd7 25. Qg3 Qa3 26. Nd4 Qc5 27. Nf5 Bxf5 28. Rxf5 a3 29. Rxb5
Qa7 30. Rb1 a2 31. Ra1 g6 32. Rf2 Kh7 33. Be3 Qc7 34. Bd4 Nd7 35. Raxa2 Qd8 36. Rf1
Bf6 37. Bxf6 Nxf6 38. Raf2 Nd7 39. Qxd6 Kg7 40. c4 Qc7 41. Qe7 Ne5 42. Qf6+ Kg8 43.
Be2 Rce8 44. Rc1 Qc5 45. Rff1 Qe3 46. Qf2 Qxe4 47. Rfe1 f6 48. Red1 Nd7 49. Bd3 Qe5
50. Bxg6 Rb8 51. Bf5 Nc5 52. Qf3 Rb2 53. Qxh5 Rf7 54. Rb1 Na4 55. Rxb2 Nxb2 56. Ra1
Rb7 57. Qg6+ Kf8 58. Be6 Ke7 59. Qf7+ Kd6 60. Qxb7 Qc3 61. Ra6+ Ke5 62. Qc7+ Ke4
63. Ra1 Nd3 64. Rf1 Ne5 65. Bf5+ Ke3 66. Qc5+ Qd4 67. Re1+ 1-0

[Event "2024 British Rapidplay Championship"]
[Site "Holiday Inn Peterborough - West"]
[Date "2024.03.03"]
[Round "11.55"]
[White "Graff, Ben"]
[Black "Crawford, Owen"]
[Result "0-1"]
[WhiteFideId "424170"]
[BlackFideId "343409393"]
[WhiteElo "1782"]
[BlackElo "1917"]
[EventDate "2024.03.02"]

1. e4 g6 2. d4 Bg7 3. Nc3 c6 4. Nf3 d5 5. exd5 cxd5 6. Bf4 a6 7. Qd2 Nc6 8. Be2 Bf5
9. a3 b5 10. Ne5 Rc8 11. Nxc6 Rxc6 12. O-O Nf6 13. Rfe1 O-O 14. Bd3 Bxd3 15. Qxd3
e6 16. Re2 Nd7 17. Rae1 Nb6 18. Nd1 Nc4 19. c3 a5 20. Ne3 Qb6 21. Nxc4 Rxc4 22. Qe3
b4 23. axb4 axb4 24. Rc1 Rfc8 25. Be5 Bxe5 26. dxe5 Qxe3 27. Rxe3 d4 28. Rd3 dxc3
29. bxc3 Rxc3 30. Rdxc3 Rxc3 31. Rb1 g5 32. g3 Rc4 33. Rb3 Kg7 34. Kg2 Kg6 35. Kf1
Kf5 36. Rf3+ Kxe5 37. Rxf7 Kd4 38. Rb7 Kc3 39. Ke2 b3 40. Kd1 b2 41. h3 Rb4 42. Rc7+
Kb3 43. Rf7 b1=Q+ 44. Ke2 Qe4+ 45. Kf1 Qh1+ 46. Ke2 Re4+ 47. Kd3 Qb1 48. Kd2 Qe1+
49. Kd3 Qe2 0-1

[Event "2024 British Rapidplay Championship"]
[Site "Holiday Inn Peterborough - West"]
[Date "2024.03.03"]
[Round "11.56"]
[White "Botteley, Michael T"]
[Black "Kairat, Alexander"]
[Result "1/2-1/2"]
[WhiteFideId "427411"]
[BlackFideId "498629"]
[WhiteElo "1896"]
[BlackElo "1723"]
[EventDate "2024.03.02"]

1. d4 Nf6 2. e3 d5 3. Nd2 c5 4. c3 Nc6 5. f4 e6 6. Ngf3 Be7 7. Bd3 O-O 8. Ne5 Qc7
9. O-O Ne8 10. Qf3 f5 11. Qh3 Nf6 12. Nxc6 bxc6 13. Nf3 a5 14. Bc2 Ba6 15. Re1 h6
16. Ne5 Bd6 17. Bd2 Rab8 18. Rab1 Bxe5 19. fxe5 Ne4 20. Bxe4 dxe4 21. b3 Bd3 22.
Rb2 c4 23. g4 Qe7 24. Bc1 Qg5 25. Rg2 cxb3 26. axb3 Rxb3 27. gxf5 Qxf5 28. Qxf5 Rxf5
29. Ra2 Rxc3 30. Bd2 Rc2 31. Rxc2 Bxc2 32. Bxa5 Rf3 33. Bd2 Kf7 34. Rf1 Rxf1+ 35.
Kxf1 Kg6 36. Kf2 Kf5 37. Kg3 h5 38. h4 g5 39. Bb4 gxh4+ 1/2-1/2

[Event "2024 British Rapidplay Championship"]
[Site "Holiday Inn Peterborough - West"]
[Date "2024.03.03"]
[Round "11.57"]
[White "Nezis, Anastasios"]
[Black "Veeturi, Yashvardhan"]
[Result "1-0"]
[WhiteFideId "424471"]
[BlackFideId "343402496"]
[WhiteElo "1912"]
[BlackElo "1642"]
[EventDate "2024.03.02"]

1. Nf3 e6 2. c4 f5 3. Nc3 Nf6 4. b3 b6 5. Bb2 Bb7 6. e3 Be7 7. Be2 O-O 8. O-O h6
9. Ne5 Qe8 10. Bf3 Bxf3 11. Qxf3 Na6 12. d4 g5 13. Qe2 d6 14. Nd3 c5 15. dxc5 bxc5
16. e4 fxe4 17. Nxe4 Nxe4 18. Qxe4 Bf6 19. Rab1 Bxb2 20. Rxb2 Qf7 21. Re2 e5 22.
Qc6 Nc7 23. Ne1 Rad8 24. Nc2 Ne6 25. Qd5 Kh8 26. Re3 Qf5 27. Rf3 Nf4 28. Ne3 Qg6
29. Qd2 e4 30. Rg3 Nh5 31. Rh3 g4 32. Rh4 Rf4 33. g3 Qg5 34. Qd5 Qxd5 35. Nxd5 Rf5
36. Ne7 Rf7 37. Rxh5 Rxe7 38. Rxh6+ Kg8 39. Rg6+ Rg7 40. Rxg7+ Kxg7 41. Re1 Re8 42.
Kf1 Kg6 43. Ke2 Kf5 44. Ke3 a5 45. Rd1 Re6 46. Rd5+ Kg6 47. Rd1 Kf5 48. Rh1 Rh6 49.
a3 Rh7 50. Rd1 Rf7 51. Rxd6 Ke5 52. Rd5+ Ke6 53. Rxc5 Rf3+ 54. Ke2 Rxb3 55. Rxa5
Rc3 56. Rg5 Rxa3 57. Rxg4 Kf5 58. Rf4+ Ke5 59. Rf8 Ra2+ 60. Ke3 Ra3+ 61. Ke2 Ra2+
62. Kf1 Kd4 63. Re8 Rc2 64. h4 Rxc4 65. Kg2 Rc2 66. h5 Rc5 67. g4 Rc3 68. h6 Rc6
69. h7 Rh6 70. h8=Q+ Rxh8 71. Rxh8 e3 72. fxe3+ Kd3 73. Rf8 Ke2 74. e4 Ke3 75. e5
1-0

[Event "2024 British Rapidplay Championship"]
[Site "Holiday Inn Peterborough - West"]
[Date "2024.03.03"]
[Round "11.58"]
[White "Amir, Zain"]
[Black "Lim, Mark"]
[Result "1/2-1/2"]
[WhiteFideId "473227"]
[BlackFideId "417734"]
[WhiteElo "1689"]
[BlackElo "1835"]
[EventDate "2024.03.02"]

1. d4 c5 2. e3 Nf6 3. Nf3 g6 4. Nc3 Bg7 5. h4 cxd4 6. exd4 d5 7. Bf4 a6 8. Be2 Nc6
9. Ne5 Qb6 10. Nxc6 bxc6 11. Rb1 Qb4 12. a3 Qa5 13. Qd2 h5 14. O-O Bg4 15. Rfe1 Qd8
16. f3 Bf5 17. Bd3 Bxd3 18. Qxd3 e6 19. Be5 O-O 20. g3 Nd7 21. Bxg7 Kxg7 22. Na4
Qf6 23. f4 Rfb8 24. Qc3 Rc8 25. b4 1/2-1/2

[Event "2024 British Rapidplay Championship"]
[Site "Holiday Inn Peterborough - West"]
[Date "2024.03.03"]
[Round "11.59"]
[White "Rich, Aaron"]
[Black "Bevis, Noah"]
[Result "1-0"]
[WhiteFideId "499951"]
[BlackFideId "343434630"]
[WhiteElo "1767"]
[BlackElo "1454"]
[EventDate "2024.03.02"]

1. b3 b6 2. Bb2 Bb7 3. e3 Nf6 4. f4 e6 5. Nf3 Be7 6. Be2 c5 7. O-O O-O 8. Ne5 Nc6
9. Bf3 d5 10. Nxc6 Bxc6 11. Qe1 Qd7 12. d3 Rfd8 13. Nd2 Rac8 14. Qg3 Kh8 15. e4 dxe4
16. Bxe4 Bxe4 17. Nxe4 Rg8 18. Ng5 Qe8 19. Qh3 h6 20. Rae1 Nd5 21. Qxh6# 1-0

[Event "2024 British Rapidplay Championship"]
[Site "Holiday Inn Peterborough - West"]
[Date "2024.03.03"]
[Round "11.60"]
[White "Zhang, Junyi"]
[Black "Kryshtafor, Maksym"]
[Result "1-0"]
[WhiteFideId "494437"]
[BlackFideId "34129227"]
[WhiteElo "1701"]
[BlackElo "1660"]
[EventDate "2024.03.02"]

1. e4 e5 2. Nf3 Nc6 3. Bc4 Bc5 4. c3 Nf6 5. d4 exd4 6. e5 d5 7. Bb5 Ne4 8. cxd4 Bb4+
9. Bd2 Bxd2+ 10. Nbxd2 Nxd2 11. Qxd2 Bd7 12. O-O O-O 13. Bxc6 Bxc6 14. Rac1 Qe7 15.
Rfe1 Qe6 16. Qf4 Rae8 17. Re3 h6 18. h4 Kh7 19. h5 Re7 20. Nh4 Rg8 21. Rg3 Rd7 22.
Qe3 Re7 23. f4 f5 24. Rg6 Qf7 25. Qh3 Rf8 26. Rc3 Re6 27. Rcg3 Rg8 28. Nxf5 Bd7 29.
Rxg7+ Rxg7 30. Rxg7+ Qxg7 31. Nxg7 Kxg7 32. f5 Re7 33. f6+ Kf7 34. Qg3 Re8 35. Qg6+
Ke6 36. f7+ Ke7 37. Qf6+ Kf8 38. fxe8=Q+ Kxe8 39. e6 Bxe6 40. Qxe6+ Kf8 41. Qxh6+
Kg8 42. Qg6+ Kh8 43. h6 c5 44. Qg7# 1-0

[Event "2024 British Rapidplay Championship"]
[Site "Holiday Inn Peterborough - West"]
[Date "2024.03.03"]
[Round "11.61"]
[White "Casti, Cristina"]
[Black "Tart, Peter K"]
[Result "0-1"]
[WhiteFideId "2819045"]
[BlackFideId "471070"]
[WhiteElo "1495"]
[BlackElo "1987"]
[EventDate "2024.03.02"]

1. f4 b6 2. Nf3 Bb7 3. b3 e6 4. e3 f5 5. Bb2 Nf6 6. Be2 Be7 7. O-O O-O 8. c4 c5 9.
Nc3 Nc6 10. d3 d5 11. Ng5 Qd7 12. Qc2 d4 13. Nd1 dxe3 14. Nxe3 Nd4 15. Qd2 Rad8 16.
Rad1 Rfe8 17. Nf3 Qc7 18. Ne5 Bd6 19. Nf3 Bxf4 20. g3 Ne4 21. dxe4 Nxf3+ 22. Bxf3
Rxd2 23. gxf4 Rxb2 24. exf5 Bxf3 25. Rxf3 exf5 26. Nd5 Qf7 27. Rg3 Kf8 28. Rg5 h6
29. Rg3 Qh5 30. Rf1 Qxh2# 0-1

[Event "2024 British Rapidplay Championship"]
[Site "Holiday Inn Peterborough - West"]
[Date "2024.03.03"]
[Round "11.62"]
[White "Leung, Hao Ran"]
[Black "Milewska, Agnieszka"]
[Result "0-1"]
[WhiteFideId "6012620"]
[BlackFideId "1196391"]
[WhiteElo "1865"]
[BlackElo "1823"]
[EventDate "2024.03.02"]

1. c4 e5 2. Nc3 Nf6 3. g3 c6 4. Bg2 d5 5. d4 dxc4 6. dxe5 Qxd1+ 7. Kxd1 Ng4 8. Ke1
Nxe5 9. Bf4 Nbd7 10. Nf3 Nxf3+ 11. Bxf3 Bb4 12. Kf1 Bxc3 13. bxc3 O-O 14. Kg2 Nf6
15. e4 Be6 16. Rhd1 Rad8 17. Bd6 Rfe8 18. Rd4 b5 19. Rad1 h6 20. Bc5 Rxd4 21. Rxd4
a5 22. Rd6 Rc8 23. a4 bxa4 24. Rd2 Rb8 25. Ra2 Rb3 26. Bd4 a3 27. Bd1 Rb2 28. Rxa3
Nxe4 29. Bf3 Bd5 30. Rxa5 Rb3 31. Bxe4 Bxe4+ 32. f3 Rb2+ 33. Bf2 Bd5 34. Ra8+ Kh7
35. Kg1 Bxf3 36. Ra7 Rb1+ 37. Be1 Rxe1+ 38. Kf2 Rc1 39. Kxf3 Rxc3+ 40. Ke4 Rc2 41.
Rxf7 Rxh2 42. Kd4 c5+ 43. Kxc5 c3 44. Kd4 c2 45. Rc7 Rg2 46. Kd3 Rxg3+ 47. Kxc2 Re3
48. Kd2 Re6 49. Kd3 Kg6 50. Rc1 h5 51. Rh1 Kh6 52. Kd4 g5 53. Kd5 Re2 54. Rc1 h4
55. Kd4 Kh5 56. Rc8 Kg4 57. Kd3 Re7 58. Rc1 h3 59. Rg1+ Kh4 60. Rf1 g4 61. Rf8 Kg3
62. Kd2 h2 63. Rh8 Kg2 64. Rxh2 Kxh2 65. Kd3 g3 66. Kd2 g2 67. Kd3 g1=Q 68. Kd2 Qd4+
69. Kc2 Rc7+ 70. Kb3 Qb6+ 71. Ka3 Ra7# 0-1

[Event "2024 British Rapidplay Championship"]
[Site "Holiday Inn Peterborough - West"]
[Date "2024.03.03"]
[Round "11.63"]
[White "Li, Xiaofan"]
[Black "Middleton, Tom"]
[Result "1/2-1/2"]
[WhiteFideId "343432689"]
[BlackFideId "402834"]
[WhiteElo "1771"]
[BlackElo "1947"]
[EventDate "2024.03.02"]

1. e4 e5 2. Nf3 Nc6 3. Bb5 a6 4. Ba4 Nf6 5. O-O Be7 6. Re1 b5 7. Bb3 O-O 8. c3 d5
9. exd5 Nxd5 10. d4 exd4 11. Nxd4 Nxd4 12. Qxd4 Nf6 1/2-1/2

[Event "2024 British Rapidplay Championship"]
[Site "Holiday Inn Peterborough - West"]
[Date "2024.03.03"]
[Round "11.64"]
[White "Sasikumar, Srivathsan"]
[Black "Siu, Kam Wa"]
[Result "1-0"]
[WhiteFideId "343401279"]
[BlackFideId "6008860"]
[WhiteElo "1766"]
[BlackElo "1456"]
[EventDate "2024.03.02"]

1. e4 c5 2. a3 g6 3. Nc3 Bg7 4. Nf3 Nc6 5. Bc4 e6 6. O-O Nge7 7. Re1 O-O 8. d3 d5
9. exd5 exd5 10. Ba2 a6 11. Bg5 Qd6 12. Qd2 Bg4 13. Bf4 Qd7 14. Ne5 Nxe5 15. Bxe5
Be6 16. Qf4 Nc6 17. Bd6 Rfd8 18. Bxc5 Rac8 19. Na4 Qc7 20. Qxc7 Rxc7 21. Bb6 Rdc8
22. Bxc7 Rxc7 23. Nc5 Nd4 24. Nxe6 fxe6 25. Rac1 Bh6 26. Rb1 Rxc2 27. Kf1 Kf7 28.
g3 Nf3 29. Re2 Nxh2+ 30. Ke1 Nf3+ 31. Kd1 Rc6 32. Rc2 Rb6 33. Rc7+ Kf6 34. b4 Ne5
35. Ke2 Bg7 36. f4 Nc6 37. g4 h6 38. g5+ hxg5 39. fxg5+ Kxg5 40. Rxg7 Nd4+ 41. Kf2
Rc6 42. Bb3 Rc3 43. Rg1+ Kf5 44. Bd1 Rxd3 45. R7xg6 Ke5 46. Re1+ Kd6 47. Bg4 Rxa3
48. Bxe6 Kc6 49. Bf7+ Kb5 50. Bxd5 Kxb4 51. Bxb7 Ra2+ 52. Kf1 a5 53. Re4 Ra1+ 54.
Kf2 Ra2+ 55. Ke3 Re2+ 56. Kxd4 Rxe4 57. Bxe4 a4 58. Rb6+ Ka3 59. Bc6 Ka2 60. Bxa4
Ka1 61. Kc3 Ka2 62. Bb3+ Ka1 63. Ra6+ 1-0